[Event "NB II. Erkel csoport"]
[Site "Budapest"]
[Date "2024.05.12"]
[Round "9.11"]
[White "Haaz, Gabor Istvan"]
[Black "Sass, Oscar"]
[Result "0-1"]
[WhiteElo "1628"]
[BlackElo "1810"]
[PlyCount "52"]
[EventDate "2023.10.08"]
[EventType "team-tourn"]
[EventRounds "9"]
[EventCountry "HUN"]
[Source "chess.hu"]
[WhiteTeam "Godolloi SBE"]
[BlackTeam "EUTender-Sinus-SDSE"]
[WhiteTeamCountry "HUN"]
[BlackTeamCountry "HUN"]

1. e4 c6 2. d4 d5 3. exd5 cxd5 4. c3 Nf6 5. Bf4 Nc6 6. h3 Bf5 7. Nf3 e6 8. Bb5
a6 9. Bd3 Ne4 10. Qc2 Rc8 11. a3 Bd6 12. Bxd6 Nxd6 13. Bxf5 Nxf5 14. Qb3 Ncxd4
15. Nxd4 Nxd4 16. Qd1 Nf5 17. Nd2 O-O 18. Nf3 Qb6 19. Rb1 Qb5 20. Qe2 Qb6 21.
O-O Ng3 22. Qe3 Qxe3 23. fxe3 Nxf1 24. Kxf1 f6 25. Rd1 Rcd8 26. Nd4 Kf7 0-1

[Event "NB II. Erkel csoport"]
[Site "Budapest"]
[Date "2024.05.12"]
[Round "9.12"]
[White "Benko, Csanad Botond"]
[Black "Dezso, Edmond Bence"]
[Result "1/2-1/2"]
[WhiteElo "1773"]
[BlackElo "1606"]
[PlyCount "82"]
[EventDate "2023.10.08"]
[EventType "team-tourn"]
[EventRounds "9"]
[EventCountry "HUN"]
[Source "chess.hu"]
[WhiteTeam "EUTender-Sinus-SDSE"]
[BlackTeam "Godolloi SBE"]
[WhiteTeamCountry "HUN"]
[BlackTeamCountry "HUN"]

1. d4 Nf6 2. c4 g6 3. Nc3 Bg7 4. e4 d6 5. Nf3 Nbd7 6. Be2 c5 7. O-O cxd4 8.
Nxd4 O-O 9. Be3 Nc5 10. Bf3 Nfd7 11. b4 Ne6 12. Nxe6 fxe6 13. Rc1 Ne5 14. Be2
a5 15. a3 axb4 16. axb4 b6 17. Na4 Nd7 18. c5 bxc5 19. bxc5 dxc5 20. Nxc5 Nxc5
21. Bxc5 Kf7 22. Qb3 Ba6 23. Rfd1 Qb8 24. Qe3 Bxe2 25. Qxe2 Qb2 26. Rc2 Qf6 27.
Bd4 e5 28. Be3 Qa6 29. h3 Qxe2 30. Rxe2 Rfd8 31. Rb1 Rab8 32. Rc1 Rbc8 33. Rxc8
Rxc8 34. f3 e6 35. Rb2 Rc7 36. Rb5 Ke7 37. Kf2 Kd6 38. Rb6+ Kd7 39. Rb8 Rc8 40.
Rxc8 Kxc8 41. Kg3 Kd7 1/2-1/2

[Event "NB II. Szechenyi csoport"]
[Site "Tapolca"]
[Date "2023.10.08"]
[Round "1.1"]
[White "Pergel, Laszlo"]
[Black "Szabo, Benjamin"]
[Result "1/2-1/2"]
[WhiteElo "2212"]
[BlackElo "2075"]
[PlyCount "41"]
[EventDate "2023.10.08"]
[EventType "team-tourn"]
[EventRounds "9"]
[EventCountry "HUN"]
[Source "chess.hu"]
[WhiteTeam "Haladas VSE III."]
[BlackTeam "Tapolca Varosi SE II"]
[WhiteTeamCountry "HUN"]
[BlackTeamCountry "HUN"]

1. e4 c6 2. d4 d5 3. Nd2 Qb6 4. c3 a5 5. Ngf3 Bg4 6. h3 Bxf3 7. Qxf3 e6 8. Bd3
Nf6 9. O-O dxe4 10. Nxe4 Nbd7 11. Be3 Nxe4 12. Bxe4 Qc7 13. Rfe1 Nf6 14. Bc2
Nd5 15. c4 Nxe3 16. Rxe3 Be7 17. d5 Bf6 18. dxe6 O-O-O 19. Rae1 fxe6 20. Rxe6
Kb8 21. Qe2 1/2-1/2

[Event "NB II. Szechenyi csoport"]
[Site "Tapolca"]
[Date "2023.10.08"]
[Round "1.2"]
[White "Marton, Jozsef"]
[Black "Rovid, Kalman"]
[Result "1-0"]
[WhiteElo "1985"]
[BlackElo "2152"]
[PlyCount "57"]
[EventDate "2023.10.08"]
[EventType "team-tourn"]
[EventRounds "9"]
[EventCountry "HUN"]
[Source "chess.hu"]
[WhiteTeam "Tapolca Varosi SE II"]
[BlackTeam "Haladas VSE III."]
[WhiteTeamCountry "HUN"]
[BlackTeamCountry "HUN"]

1. d4 Nf6 2. Bf4 c5 3. e3 Qb6 4. Na3 d5 5. Nb5 Na6 6. Nf3 e6 7. a4 c4 8. Be2
Bd7 9. O-O Bxb5 10. axb5 Nc7 11. c3 Bd6 12. Bxd6 Qxd6 13. b3 Nxb5 14. Qc2 Ne4
15. bxc4 Nbxc3 16. Bd3 b5 17. cxb5 O-O 18. Bxe4 Nxe4 19. Ra6 Qb8 20. Qb2 Rc8
21. g3 Qb7 22. Rfa1 Rab8 23. R1a5 h6 24. Rxa7 Qb6 25. Ne5 Qd8 26. Qa3 Rc3 27.
Qe7 Qxe7 28. Rxe7 f6 29. Nc6 1-0

[Event "NB II. Szechenyi csoport"]
[Site "Tapolca"]
[Date "2023.10.08"]
[Round "1.3"]
[White "Joo, Gabor"]
[Black "Heiligermann, Gabor"]
[Result "1/2-1/2"]
[WhiteElo "1976"]
[BlackElo "1928"]
[PlyCount "58"]
[EventDate "2023.10.08"]
[EventType "team-tourn"]
[EventRounds "9"]
[EventCountry "HUN"]
[Source "chess.hu"]
[WhiteTeam "Haladas VSE III."]
[BlackTeam "Tapolca Varosi SE II"]
[WhiteTeamCountry "HUN"]
[BlackTeamCountry "HUN"]

1. Nf3 c5 2. c4 Nc6 3. g3 g6 4. Bg2 Bg7 5. Nc3 Nf6 6. O-O O-O 7. d3 d5 8. Bg5
Be6 9. Bxf6 Bxf6 10. cxd5 Bxd5 11. Nxd5 Qxd5 12. Nd2 Qe6 13. Rc1 Rac8 14. Rxc5
Nd4 15. Rxc8 Nxe2+ 16. Kh1 Rxc8 17. Nb3 Nd4 18. Nxd4 Bxd4 19. Qa4 Qb6 20. b3
Kg7 21. f4 e6 22. g4 Rc2 23. f5 exf5 24. gxf5 gxf5 25. Qd7 Qf6 26. a4 Bb6 27.
Qxb7 Qg5 28. Qd5 Rc1 29. Qf3 Rxf1+ 1/2-1/2

[Event "NB II. Szechenyi csoport"]
[Site "Tapolca"]
[Date "2023.10.08"]
[Round "1.4"]
[White "Kasnya, Peter"]
[Black "Gaal, Ede"]
[Result "0-1"]
[WhiteElo "1847"]
[BlackElo "1985"]
[PlyCount "58"]
[EventDate "2023.10.08"]
[EventType "team-tourn"]
[EventRounds "9"]
[EventCountry "HUN"]
[Source "chess.hu"]
[WhiteTeam "Tapolca Varosi SE II"]
[BlackTeam "Haladas VSE III."]
[WhiteTeamCountry "HUN"]
[BlackTeamCountry "HUN"]

1. e4 c5 2. Nf3 e6 3. d4 cxd4 4. Nxd4 Nf6 5. Bd3 Nc6 6. c3 d5 7. Nxc6 bxc6 8.
e5 Nd7 9. Qe2 Qc7 10. f4 a5 11. Qf3 Bc5 12. b3 O-O 13. h4 Ba6 14. Bc2 f6 15.
Qh5 f5 16. Nd2 Nxe5 17. fxe5 Qxe5+ 18. Kd1 Qxc3 19. Rb1 Be3 20. Rh3 d4 21. Rb2
d3 22. Bb1 f4 23. Qg4 Rf5 24. b4 a4 25. Qf3 Rd8 26. Qf1 Rd4 27. a3 Rc4 28. Qxd3
Qxc1+ 29. Ke2 Qxb2 0-1

[Event "NB II. Szechenyi csoport"]
[Site "Tapolca"]
[Date "2023.10.08"]
[Round "1.6"]
[White "Bodo, Boglarka"]
[Black "Olah, Jozsef"]
[Result "1/2-1/2"]
[WhiteElo "1701"]
[BlackElo "1843"]
[PlyCount "111"]
[EventDate "2023.10.08"]
[EventType "team-tourn"]
[EventRounds "9"]
[EventCountry "HUN"]
[Source "chess.hu"]
[WhiteTeam "Tapolca Varosi SE II"]
[BlackTeam "Haladas VSE III."]
[WhiteTeamCountry "HUN"]
[BlackTeamCountry "HUN"]

1. e4 g6 2. d4 Bg7 3. c3 d6 4. Nf3 Nf6 5. Bd3 O-O 6. O-O c5 7. h3 Qb6 8. Na3
cxd4 9. cxd4 Nfd7 10. Nc4 Qd8 11. Be3 Nc6 12. Qd2 b5 13. Na3 a6 14. Bh6 Qb6 15.
Bxg7 Kxg7 16. Bc2 Bb7 17. Rfe1 Rac8 18. Rad1 Rfd8 19. Bb3 Na5 20. Qe3 h6 21. e5
dxe5 22. Nxe5 Nxb3 23. Qxb3 e6 24. Qg3 Nf6 25. Ng4 Nxg4 26. Qxg4 Rd5 27. Re5
Qd6 28. Qe4 Qb4 29. Rxd5 Bxd5 30. Qb1 Qd6 31. Re1 Qf4 32. Qd3 Rc1 33. Rd1 Be4
34. Qe2 Qg5 35. f3 Bd5 36. b3 Rc3 37. Qd2 Qxd2 38. Rxd2 Kf6 39. Nc2 a5 40. Kf2
a4 41. bxa4 bxa4 42. Nb4 Bc4 43. g4 Kg5 44. Kg3 Rc1 45. h4+ Kf6 46. Kg2 a3 47.
Rc2 Rxc2+ 48. Nxc2 Bxa2 49. Nxa3 h5 50. Kg3 hxg4 51. Kxg4 e5 52. dxe5+ Kxe5 53.
f4+ Kf6 54. Nb5 Be6+ 55. Kg3 Kf5 56. Nd6+ 1/2-1/2

[Event "NB II. Szechenyi csoport"]
[Site "Tapolca"]
[Date "2023.10.08"]
[Round "1.7"]
[White "Bardics, Marko"]
[Black "Simo, Judit"]
[Result "1/2-1/2"]
[WhiteElo "1655"]
[BlackElo "1793"]
[PlyCount "71"]
[EventDate "2023.10.08"]
[EventType "team-tourn"]
[EventRounds "9"]
[EventCountry "HUN"]
[Source "chess.hu"]
[WhiteTeam "Haladas VSE III."]
[BlackTeam "Tapolca Varosi SE II"]
[WhiteTeamCountry "HUN"]
[BlackTeamCountry "HUN"]

1. e4 c5 2. Nf3 d6 3. d4 cxd4 4. Nxd4 Nf6 5. Nc3 Nc6 6. Be2 e5 7. Nf3 Be7 8.
Bg5 O-O 9. Qd2 Be6 10. O-O-O Qa5 11. Bxf6 Bxf6 12. Kb1 Kh8 13. Nd5 Qa4 14. c4
Bxd5 15. exd5 Nb4 16. a3 Na6 17. Qc2 Nc5 18. Qxa4 Nxa4 19. Rd2 Rfe8 20. Bd1 Nc5
21. Bc2 a5 22. b3 e4 23. Nd4 e3 24. fxe3 Rxe3 25. Nf5 Nxb3 26. Nxe3 Nxd2+ 27.
Kc1 Ne4 28. Nf5 Bg5+ 29. Kb2 Bf6+ 30. Ka2 Nc3+ 31. Kb3 Ra6 32. Bd3 Rb6+ 33. Kc2
g6 34. Ng3 Na4 35. Rb1 Rxb1 36. Kxb1 1/2-1/2

[Event "NB II. Szechenyi csoport"]
[Site "Tapolca"]
[Date "2023.10.08"]
[Round "1.8"]
[White "Horvath, Lajos"]
[Black "Hajdu, Istvan"]
[Result "1/2-1/2"]
[WhiteElo "1672"]
[BlackElo "1798"]
[PlyCount "123"]
[EventDate "2023.10.08"]
[EventType "team-tourn"]
[EventRounds "9"]
[EventCountry "HUN"]
[Source "chess.hu"]
[WhiteTeam "Tapolca Varosi SE II"]
[BlackTeam "Haladas VSE III."]
[WhiteTeamCountry "HUN"]
[BlackTeamCountry "HUN"]

1. e4 c6 2. d4 d5 3. Nc3 dxe4 4. Nxe4 Nf6 5. Ng3 g6 6. Nf3 Bg4 7. Be2 Bg7 8.
O-O Bxf3 9. Bxf3 O-O 10. c3 Qc7 11. Qc2 Nbd7 12. Bd2 e5 13. dxe5 Nxe5 14. Be2
Rfe8 15. Rad1 Re7 16. Qc1 Rae8 17. Bg5 Ned7 18. Bf3 Ne5 19. Be2 Ned7 20. Bd3
Nc5 21. Bb1 Re6 22. Bh6 Nfe4 23. Bxg7 Kxg7 24. Nxe4 Nxe4 25. Rd4 c5 26. Rd5 Nf6
27. Rd2 Ng4 28. g3 Qc6 29. h3 Ne5 30. Rd3 Nf3+ 31. Rxf3 Qxf3 32. a3 c4 33. Bc2
h5 34. Qd2 Qf6 35. Bd1 Rd6 36. Qc1 h4 37. g4 Rd3 38. g5 Qe5 39. Bg4 Red8 40.
Re1 Qc5 41. Qf4 Qd6 42. Re5 Qc6 43. Re4 b5 44. Bf3 Qd7 45. Kg2 Qf5 46. Qxf5
gxf5 47. Re5 a6 48. Rxf5 Rd2 49. Rf6 R8d6 50. Rf4 Rxb2 51. Rxh4 Ra2 52. Re4
Rxa3 53. Bh5 Re6 54. Rf4 f6 55. h4 Rxc3 56. f3 Rc2+ 57. Kg3 fxg5 58. hxg5 Re7
59. Rf6 a5 60. Rg6+ Kf8 61. Rf6+ Kg7 62. Rg6+ 1/2-1/2

[Event "NB II. Szechenyi csoport"]
[Site "Tapolca"]
[Date "2023.10.08"]
[Round "1.9"]
[White "Selley, Gabor"]
[Black "Kiss, Gergely"]
[Result "1-0"]
[WhiteElo "1716"]
[BlackElo "1710"]
[PlyCount "81"]
[EventDate "2023.10.08"]
[EventType "team-tourn"]
[EventRounds "9"]
[EventCountry "HUN"]
[Source "chess.hu"]
[WhiteTeam "Haladas VSE III."]
[BlackTeam "Tapolca Varosi SE II"]
[WhiteTeamCountry "HUN"]
[BlackTeamCountry "HUN"]

1. d4 d5 2. Nf3 Bf5 3. g3 e6 4. Bg2 Bd6 5. O-O Nf6 6. Nbd2 O-O 7. Nh4 Bg6 8.
Nxg6 hxg6 9. c4 c6 10. b3 Nbd7 11. Bb2 Qa5 12. a3 e5 13. b4 Qd8 14. cxd5 cxd5
15. e4 Nxe4 16. Nxe4 dxe4 17. Bxe4 Rb8 18. Qb3 Kh7 19. Rad1 Qe7 20. Rfe1 f5 21.
dxe5 Bxe5 22. Bg2 Qf6 23. Rxd7 Bxb2 24. Ree7 Rfe8 25. Rxg7+ Qxg7 26. Rxg7+ Bxg7
27. h4 Re1+ 28. Kh2 Re7 29. Qd3 Rbe8 30. Bf3 b6 31. h5 Re5 32. g4 gxh5 33. gxf5
Bf6 34. Bxh5 R8e7 35. Qg3 Rg7 36. Bg6+ Kh8 37. Qh3+ Kg8 38. Qb3+ Kf8 39. Qc4
Ke7 40. Qc7+ Kf8 41. Qd6+ 1-0

[Event "NB II. Szechenyi csoport"]
[Site "Tapolca"]
[Date "2023.10.08"]
[Round "1.10"]
[White "Molnar, Tibor"]
[Black "Pechy, Zoltan Peter"]
[Result "1/2-1/2"]
[WhiteElo "1511"]
[BlackElo "1624"]
[PlyCount "51"]
[EventDate "2023.10.08"]
[EventType "team-tourn"]
[EventRounds "9"]
[EventCountry "HUN"]
[Source "chess.hu"]
[WhiteTeam "Tapolca Varosi SE II"]
[BlackTeam "Haladas VSE III."]
[WhiteTeamCountry "HUN"]
[BlackTeamCountry "HUN"]

1. e4 c5 2. Nf3 e6 3. d4 cxd4 4. Nxd4 Nc6 5. Be2 Bb4+ 6. c3 Ba5 7. O-O Nge7 8.
Be3 O-O 9. Nd2 f5 10. exf5 Nxd4 11. Bxd4 Nxf5 12. Nf3 Bc7 13. Qd2 b6 14. Rad1
d6 15. c4 Bb7 16. Bc3 Qe7 17. Rfe1 Rae8 18. Qg5 h6 19. Qxe7 Rxe7 20. Nd4 Nxd4
21. Rxd4 e5 22. Rd2 Rf4 23. Bb4 Rd4 24. Red1 a5 25. Ba3 Rxd2 26. Rxd2 1/2-1/2

[Event "NB II. Szechenyi csoport"]
[Site "Tapolca"]
[Date "2023.10.08"]
[Round "1.11"]
[White "Pergel, Bence"]
[Black "Kranabet, Marcell"]
[Result "1-0"]
[WhiteElo "1495"]
[BlackElo "1256"]
[PlyCount "61"]
[EventDate "2023.10.08"]
[EventType "team-tourn"]
[EventRounds "9"]
[EventCountry "HUN"]
[Source "chess.hu"]
[WhiteTeam "Haladas VSE III."]
[BlackTeam "Tapolca Varosi SE II"]
[WhiteTeamCountry "HUN"]
[BlackTeamCountry "HUN"]

1. Nf3 d5 2. d4 e6 3. c4 Nf6 4. Nc3 Nbd7 5. Bf4 Be7 6. e3 b6 7. Nb5 Bb4+ 8. Nc3
Ne4 9. Qc2 O-O 10. Bd3 Ndf6 11. O-O Nxc3 12. bxc3 Be7 13. Rfe1 Bb7 14. Ne5 c5
15. Rac1 dxc4 16. Bxc4 Nh5 17. Bg3 Nxg3 18. hxg3 Rc8 19. Qb3 Bd5 20. Bxd5 Qxd5
21. c4 Qd6 22. Red1 Qc7 23. dxc5 Qxe5 24. cxb6 Rb8 25. b7 Bc5 26. Qb5 Qc7 27.
Rd7 Qb6 28. Qxb6 Bxb6 29. c5 Rfd8 30. cxb6 Rxd7 31. Rc8+ 1-0

[Event "NB II. Szechenyi csoport"]
[Site "Tapolca"]
[Date "2023.10.08"]
[Round "1.12"]
[White "Varszegi, Sandor"]
[Black "Bolla, Zsofia"]
[Result "0-1"]
[WhiteElo "1623"]
[BlackElo "1234"]
[PlyCount "112"]
[EventDate "2023.10.08"]
[EventType "team-tourn"]
[EventRounds "9"]
[EventCountry "HUN"]
[Source "chess.hu"]
[WhiteTeam "Tapolca Varosi SE II"]
[BlackTeam "Haladas VSE III."]
[WhiteTeamCountry "HUN"]
[BlackTeamCountry "HUN"]

1. d4 d5 2. Bf4 c5 3. e3 Nc6 4. c3 Nf6 5. Bd3 Qb6 6. Qc1 Bd7 7. Nd2 Rc8 8. Ne2
g6 9. Bc2 Bg7 10. Nb3 c4 11. Nc5 O-O 12. e4 dxe4 13. Bxe4 Rfd8 14. Bf3 Be8 15.
Be3 Na5 16. O-O Qc7 17. Bf4 Qb6 18. Ng3 Nd5 19. Bg5 f6 20. Bd2 Bf7 21. Re1 Nc6
22. b4 a6 23. a4 e5 24. b5 axb5 25. axb5 Na5 26. Rxa5 Qxa5 27. Nxb7 Qxb5 28.
Nxd8 Rxd8 29. Ne2 Rb8 30. Be4 Bf8 31. dxe5 fxe5 32. f4 Bc5+ 33. Kf1 Bd6 34. f5
gxf5 35. Bxf5 Ne7 36. Ng3 Nxf5 37. Nxf5 Rf8 38. Nxd6 Bh5+ 39. Kg1 Qc5+ 40. Re3
Qxd6 41. Rg3+ Bg6 42. Qe1 Rd8 43. Bh6 Qd1 44. Qxd1 Rxd1+ 45. Kf2 Kf7 46. Re3
Ke6 47. Bf4 Rd5 48. h3 Kf6 49. Bh6 Rd2+ 50. Kg3 Rc2 51. Rf3+ Ke6 52. Bg7 Be4
53. Rf2 Rxc3+ 54. Kh4 Kd5 55. Kg5 Rg3+ 56. Kh6 Rg6+ 0-1

[Event "NB II. Szechenyi csoport"]
[Site "Szombathely"]
[Date "2023.10.08"]
[Round "1.1"]
[White "Vass, Viktor"]
[Black "Kiss, Robert"]
[Result "1-0"]
[WhiteElo "2158"]
[BlackElo "2021"]
[PlyCount "69"]
[EventDate "2023.10.08"]
[EventType "team-tourn"]
[EventRounds "9"]
[EventCountry "HUN"]
[Source "chess.hu"]
[WhiteTeam "Sentimento Ajka BSK "]
[BlackTeam "Arboretum Hereny SE"]
[WhiteTeamCountry "HUN"]
[BlackTeamCountry "HUN"]

1. e4 c5 2. Nf3 d6 3. d4 cxd4 4. Nxd4 Nf6 5. Nc3 g6 6. Be2 Bg7 7. O-O O-O 8.
Be3 Nc6 9. Nb3 b6 10. f4 Bb7 11. Bf3 Nd7 12. Qd2 Nc5 13. Rad1 Rc8 14. Qf2 Nxb3
15. axb3 Qe8 16. Ra1 Ra8 17. Rfd1 Qb8 18. g4 Rd8 19. g5 e6 20. h4 Ne7 21. h5
Bxc3 22. bxc3 d5 23. hxg6 fxg6 24. Bg4 Bc8 25. Bd4 Re8 26. Be5 Qb7 27. Qh2 dxe4
28. Qh6 Nf5 29. Bxf5 exf5 30. Rd6 Qf7 31. Rf6 Qd7 32. Rxg6+ hxg6 33. Qh8+ Kf7
34. Qg7+ Ke6 35. Qxg6+ 1-0

[Event "NB II. Szechenyi csoport"]
[Site "Szombathely"]
[Date "2023.10.08"]
[Round "1.2"]
[White "Horvath, Tibor"]
[Black "Szalay-Ocsak, Bank"]
[Result "1/2-1/2"]
[WhiteElo "1795"]
[BlackElo "2211"]
[PlyCount "42"]
[EventDate "2023.10.08"]
[EventType "team-tourn"]
[EventRounds "9"]
[EventCountry "HUN"]
[Source "chess.hu"]
[WhiteTeam "Arboretum Hereny SE"]
[BlackTeam "Sentimento Ajka BSK "]
[WhiteTeamCountry "HUN"]
[BlackTeamCountry "HUN"]

1. d4 Nf6 2. c4 e6 3. Nf3 Bb4+ 4. Nbd2 O-O 5. g3 d5 6. Bg2 c6 7. O-O Nbd7 8.
Qc2 Be7 9. Rd1 b6 10. e4 dxe4 11. Nxe4 Bb7 12. Ne5 Rc8 13. Bf4 Nxe4 14. Bxe4
Nf6 15. Bg2 h6 16. h4 Bd6 17. c5 Bb8 18. Rac1 Nd5 19. Bd2 Qe7 20. Re1 Rfd8 21.
a3 Qf6 1/2-1/2

[Event "NB II. Szechenyi csoport"]
[Site "Szombathely"]
[Date "2023.10.08"]
[Round "1.3"]
[White "Kosztolanczi, Gyula"]
[Black "Ori, Tamas"]
[Result "1/2-1/2"]
[WhiteElo "2063"]
[BlackElo "1851"]
[PlyCount "99"]
[EventDate "2023.10.08"]
[EventType "team-tourn"]
[EventRounds "9"]
[EventCountry "HUN"]
[Source "chess.hu"]
[WhiteTeam "Sentimento Ajka BSK "]
[BlackTeam "Arboretum Hereny SE"]
[WhiteTeamCountry "HUN"]
[BlackTeamCountry "HUN"]

1. e4 e5 2. Bc4 Nf6 3. Nc3 Be7 4. f4 d6 5. Nf3 O-O 6. O-O Nc6 7. d4 Bg4 8. dxe5
Bxf3 9. Qxf3 dxe5 10. Rd1 Bc5+ 11. Be3 Qe7 12. Bb3 Nd4 13. Bxd4 Bxd4+ 14. Kh1
Bxc3 15. bxc3 exf4 16. Re1 Qe5 17. Re2 Rad8 18. Rf1 Rd7 19. Bc4 c6 20. Bd3 Re7
21. Qxf4 Qxf4 22. Rxf4 Nd7 23. Rd2 Rfe8 24. Kg1 h6 25. Kf2 Kf8 26. Ke3 Rd8 27.
Be2 Ke8 28. Rf5 Ne5 29. Rd4 f6 30. Rf1 Red7 31. Rb1 Ke7 32. a4 c5 33. Rd5 Rxd5
34. exd5 Rxd5 35. Rxb7+ Rd7 36. Rb8 Kd6 37. Bb5 Re7 38. Kf4 Ng6+ 39. Kf3 Ne5+
40. Kf4 Ng6+ 41. Kf3 Ne5+ 42. Kf2 Ng4+ 43. Kg3 Ne5 44. Rd8+ Kc7 45. Rd5 Kb6 46.
h4 Nf7 47. Kf4 a6 48. Bc4 Ne5 49. Bf1 c4 50. g3 1/2-1/2

[Event "NB II. Szechenyi csoport"]
[Site "Szombathely"]
[Date "2023.10.08"]
[Round "1.4"]
[White "Arany, Tamas"]
[Black "Pasti, Zsombor"]
[Result "0-1"]
[WhiteElo "1816"]
[BlackElo "2043"]
[PlyCount "78"]
[EventDate "2023.10.08"]
[EventType "team-tourn"]
[EventRounds "9"]
[EventCountry "HUN"]
[Source "chess.hu"]
[WhiteTeam "Arboretum Hereny SE"]
[BlackTeam "Sentimento Ajka BSK "]
[WhiteTeamCountry "HUN"]
[BlackTeamCountry "HUN"]

1. e4 e5 2. d4 exd4 3. c3 dxc3 4. Bc4 Nc6 5. Nxc3 Nf6 6. Nf3 d6 7. Qb3 Qd7 8.
Ng5 Ne5 9. Be2 h6 10. Nf3 Nxf3+ 11. gxf3 b6 12. Be3 Bb7 13. O-O-O O-O-O 14. Bc4
Qh3 15. Be2 Rd7 16. Rd2 Kb8 17. Qa4 a6 18. Rhd1 b5 19. Qa5 Be7 20. a4 c6 21.
axb5 cxb5 22. Qb6 Rc7 23. Kb1 Nd7 24. Qa5 Rc6 25. Qa3 Re8 26. Bf4 Ne5 27. Nxb5
axb5 28. Bxb5 Nc4 29. Qd3 Nxd2+ 30. Rxd2 Rec8 31. Bxc6 Rxc6 32. e5 Bg5 33. exd6
Bxf4 34. d7 Bc7 35. d8=Q+ Bxd8 36. Qxd8+ Qc8 37. Qa5 Rc1+ 38. Ka2 Qe6+ 39. b3
Qa6 0-1

[Event "NB II. Szechenyi csoport"]
[Site "Szombathely"]
[Date "2023.10.08"]
[Round "1.5"]
[White "Paksa, Rudolf"]
[Black "Gabor, Attila"]
[Result "1-0"]
[WhiteElo "1950"]
[BlackElo "1780"]
[PlyCount "89"]
[EventDate "2023.10.08"]
[EventType "team-tourn"]
[EventRounds "9"]
[EventCountry "HUN"]
[Source "chess.hu"]
[WhiteTeam "Sentimento Ajka BSK "]
[BlackTeam "Arboretum Hereny SE"]
[WhiteTeamCountry "HUN"]
[BlackTeamCountry "HUN"]

1. e4 e5 2. Nf3 Nc6 3. Bb5 d6 4. O-O Bd7 5. c3 Nf6 6. Re1 Be7 7. d4 O-O 8. h3
Nb8 9. Bc4 Nc6 10. Nbd2 a6 11. a4 Na5 12. dxe5 Nxc4 13. Nxc4 dxe5 14. Ncxe5 Be6
15. Qe2 Qe8 16. Nd4 Bd6 17. Nef3 Nd7 18. Nxe6 Qxe6 19. Nd4 Qg6 20. Nf5 Rfe8 21.
Qd1 Re6 22. f4 Rae8 23. Nxd6 Rxd6 24. Qf3 f6 25. b4 c6 26. Ba3 Qf7 27. b5 Rde6
28. f5 Re5 29. Bd6 axb5 30. Bxe5 Nxe5 31. Qd1 bxa4 32. Rxa4 b5 33. Rd4 g6 34.
Rd8 gxf5 35. exf5 Kg7 36. Re3 Rxd8 37. Rg3+ Kh6 38. Qxd8 c5 39. Qd2+ Kh5 40.
Qe2+ Kh6 41. Qxb5 c4 42. Qb6 Qe7 43. Qe3+ Kh5 44. Rg4 Nf3+ 45. Qxf3 1-0

[Event "NB II. Szechenyi csoport"]
[Site "Szombathely"]
[Date "2023.10.08"]
[Round "1.6"]
[White "Foki, Robert"]
[Black "Kishazi, Istvan"]
[Result "1/2-1/2"]
[WhiteElo "1639"]
[BlackElo "1934"]
[PlyCount "24"]
[EventDate "2023.10.08"]
[EventType "team-tourn"]
[EventRounds "9"]
[EventCountry "HUN"]
[Source "chess.hu"]
[WhiteTeam "Arboretum Hereny SE"]
[BlackTeam "Sentimento Ajka BSK "]
[WhiteTeamCountry "HUN"]
[BlackTeamCountry "HUN"]

1. f4 d5 2. Nf3 h6 3. e3 Nf6 4. Be2 Nc6 5. d4 Bf5 6. a3 Ne4 7. c4 e6 8. cxd5
exd5 9. Nc3 g5 10. Qb3 g4 11. Nxe4 Bxe4 12. Qxb7 Bd6 1/2-1/2

[Event "NB II. Szechenyi csoport"]
[Site "Szombathely"]
[Date "2023.10.08"]
[Round "1.7"]
[White "Lejer, Sandor"]
[Black "Marton, Zoltan"]
[Result "0-1"]
[WhiteElo "1873"]
[BlackElo "1475"]
[PlyCount "144"]
[EventDate "2023.10.08"]
[EventType "team-tourn"]
[EventRounds "9"]
[EventCountry "HUN"]
[Source "chess.hu"]
[WhiteTeam "Sentimento Ajka BSK "]
[BlackTeam "Arboretum Hereny SE"]
[WhiteTeamCountry "HUN"]
[BlackTeamCountry "HUN"]

1. Nf3 c5 2. c3 d5 3. d4 e6 4. dxc5 Bxc5 5. b4 Bd6 6. Bb2 Nf6 7. a3 O-O 8. g3
e5 9. Bg2 b5 10. O-O Nc6 11. e3 Bg4 12. Qb3 a6 13. Nbd2 Qd7 14. Rfe1 e4 15. Nd4
Nxd4 16. cxd4 Rac8 17. Rac1 h5 18. f3 exf3 19. Bxf3 h4 20. e4 Rxc1 21. Rxc1
Bxf3 22. Qxf3 dxe4 23. Nxe4 Nxe4 24. Qxe4 hxg3 25. hxg3 Bxg3 26. d5 Re8 27. Qg2
Qd6 28. Qf3 Qf4 29. Qxf4 Bxf4 30. Rc6 Rd8 31. Rxa6 Rxd5 32. Kf1 Bg5 33. Bc3 Bc1
34. Ke2 Kh7 35. Ra7 Kg6 36. a4 bxa4 37. Rxa4 f6 38. Ra5 Rf5 39. b5 Bf4 40. Ra4
Bb8 41. Rb4 Rc5 42. Bd4 Rc7 43. b6 Rb7 44. Rb5 Kf7 45. Kf3 Ke6 46. Rb1 g6 47.
Rg1 Kf7 48. Rh1 Ke6 49. Rg1 g5 50. Kg4 Rh7 51. Bf2 Be5 52. Kf3 Rh3+ 53. Kg2 Rb3
54. Re1 Kd7 55. Re3 Rb2 56. Re4 Kc6 57. Kf3 Rb3+ 58. Kg4 Kd5 59. Ra4 Rb2 60.
Be3 Rh2 61. Kf5 Rh3 62. Ra5+ Kc6 63. Bg1 Rf3+ 64. Ke6 g4 65. Rc5+ Kb7 66. Rd5
Rb3 67. Rd7+ Kc6 68. Rg7 g3 69. Rg4 Rb1 70. Be3 Re1 71. Rc4+ Kb7 72. Bd2 Re2
0-1

[Event "NB II. Szechenyi csoport"]
[Site "Szombathely"]
[Date "2023.10.08"]
[Round "1.8"]
[White "Vasenszky, Zoltan Gyorgy"]
[Black "Tanczos, Dezso"]
[Result "0-1"]
[WhiteElo "1513"]
[BlackElo "1812"]
[PlyCount "114"]
[EventDate "2023.10.08"]
[EventType "team-tourn"]
[EventRounds "9"]
[EventCountry "HUN"]
[Source "chess.hu"]
[WhiteTeam "Arboretum Hereny SE"]
[BlackTeam "Sentimento Ajka BSK "]
[WhiteTeamCountry "HUN"]
[BlackTeamCountry "HUN"]

1. d4 Nf6 2. Nf3 g6 3. g3 Bg7 4. Bg2 d5 5. c4 c6 6. O-O O-O 7. Nbd2 b6 8. b3
Bb7 9. Bb2 Nbd7 10. Rc1 Rc8 11. Qc2 dxc4 12. Nxc4 c5 13. dxc5 Rxc5 14. Qb1 Be4
15. Qa1 Re8 16. Ncd2 Bb7 17. Rxc5 Nxc5 18. Rd1 Qa8 19. Nc4 Rd8 20. Qc1 Rxd1+
21. Qxd1 Qc8 22. Nfe5 Bxg2 23. Kxg2 h6 24. Qd2 Nce4 25. Qb4 Bf8 26. Qa4 Qc5 27.
Nd3 Qc7 28. Nce5 Qc2 29. Qxa7 Qxe2 30. Qxb6 Nd2 31. h3 Qf1+ 32. Kh2 Qe2 33. Qd4
Nfe4 34. Bc1 Nf1+ 35. Kg1 g5 36. Qb2 Qd1 37. Kg2 f6 38. Nf3 Qxd3 39. Ne1 Qa6
40. Qc2 f5 41. Nd3 Nfxg3 42. fxg3 Qd6 43. Qc4+ e6 44. Kf1 Nxg3+ 45. Ke1 Ne4 46.
Kf1 Bg7 47. a4 Kf7 48. a5 Qg3 49. a6 Qxh3+ 50. Ke1 Qh1+ 51. Ke2 Qg2+ 52. Ke1
Qg1+ 53. Ke2 Bd4 54. b4 Nc3+ 55. Kf3 Qf1+ 56. Kg3 Ne4+ 57. Kh2 Bg1+ 0-1

[Event "NB II. Szechenyi csoport"]
[Site "Szombathely"]
[Date "2023.10.08"]
[Round "1.9"]
[White "Ludvai, Zsolt"]
[Black "Bodorkos, Ferenc"]
[Result "1/2-1/2"]
[WhiteElo "1801"]
[BlackElo "1553"]
[PlyCount "39"]
[EventDate "2023.10.08"]
[EventType "team-tourn"]
[EventRounds "9"]
[EventCountry "HUN"]
[Source "chess.hu"]
[WhiteTeam "Sentimento Ajka BSK "]
[BlackTeam "Arboretum Hereny SE"]
[WhiteTeamCountry "HUN"]
[BlackTeamCountry "HUN"]

1. d4 d5 2. Nf3 h6 3. c4 dxc4 4. Nc3 Bg4 5. e3 e6 6. Bxc4 c6 7. O-O Nf6 8. h3
Bh5 9. Be2 Bd6 10. a3 O-O 11. e4 Bxf3 12. Bxf3 Be7 13. Bf4 Nbd7 14. Qd2 Nh7 15.
Rad1 Bg5 16. Bxg5 Qxg5 17. Be2 Rad8 18. Qxg5 Nxg5 19. f4 Nh7 20. d5 1/2-1/2